Madaras fiú, 1934 [festmény] /
Elmentve itt :
| Szerző: | |
|---|---|
| Dokumentumtípus: | Cikk |
| Megjelent: |
2025
|
| Sorozat: | Tiszatáj
79 No. 12 |
| Kulcsszavak: | Festészet - magyar, Képzőművészet - magyar |
| Online Access: | http://tiszataj.bibl.u-szeged.hu/28079 |
| LEADER | 00597nab a2200181 i 4500 | ||
|---|---|---|---|
| 001 | tisza28079 | ||
| 005 | 20260327151252.0 | ||
| 008 | 260327s2025 hu o 000 hun d | ||
| 022 | |a 0133-1167 | ||
| 040 | |a SZTE Tiszatáj Archívum |b hun | ||
| 041 | |a hun | ||
| 100 | 1 | |a Korniss Dezső | |
| 245 | 1 | 0 | |a Madaras fiú, 1934 |h [elektronikus dokumentum] : |b [festmény] / |c Korniss Dezső |
| 260 | |c 2025 | ||
| 300 | |a 67 | ||
| 490 | 0 | |a Tiszatáj |v 79 No. 12 | |
| 695 | |a Festészet - magyar, Képzőművészet - magyar | ||
| 856 | 4 | 0 | |u http://tiszataj.bibl.u-szeged.hu/28079/7/tiszataj_2025_012_067.pdf |z Dokumentum-elérés |